| 000 | 00852nam a22002417a 4500 | ||
|---|---|---|---|
| 005 | 20240530110928.0 | ||
| 008 | 220214s1999 ua g 000 p ara d | ||
| 017 |
_bمصر. دار الكتب _a1999/9631 |
||
| 020 | _a9770162310 | ||
| 040 |
_aEG-CaGPL _cEG-CaGPL |
||
| 082 | 0 | 4 |
_221 _a811.01\ _bس م |
| 100 | 0 | _aسمير سرحان | |
| 245 | 1 | 2 |
_aالمختار من شعر عمر بن ربيعة / _cاعداد وتقديم سمير سرحان، محمد عنانى |
| 250 | _aط. 1 | ||
| 260 |
_aالقاهرة : _bالهيئة المصرية العامة للكتاب، _c1999 |
||
| 300 |
_a217 ص. ؛ _c20 سم. |
||
| 600 | 0 | _aعمر بن ربيعة | |
| 650 | 0 | 7 |
_2qrmak _aالشعر العربى |
| 651 | _2qrmak | ||
| 700 | 0 |
_aمحمد عنانى _eمعد ومقدم |
|
| 942 |
_2ddc _cBK |
||
| 999 |
_c66605 _d66605 |
||